| 000 | 00516nam a22002057a 4500 | ||
|---|---|---|---|
| 003 | NUST | ||
| 005 | 20210903094328.0 | ||
| 008 | 210903b ||||| |||| 00| 0 eng d | ||
| 020 | _a9695870944 | ||
| 038 | _aArshad | ||
| 040 | _aNUST | ||
| 082 |
_a823.08 _bSAL |
||
| 100 |
_aSaleem, Muhammad _98369 |
||
| 245 |
_aDew on rocks/ _cMuhammad Saleem |
||
| 260 |
_aRawalpindi: _bRomail House of Publications, _c2013 |
||
| 300 | _a398 p. | ||
| 563 | _aPBK | ||
| 650 |
_aEnglish literatures _982092 |
||
| 942 |
_2ddc _cBK |
||
| 999 |
_c586394 _d586394 |
||